<?xml version="1.0" encoding="UTF-8"?><?xml-stylesheet type="text/xsl" href="static/style.xsl"?><OAI-PMH xmlns="http://www.openarchives.org/OAI/2.0/" xmlns:xsi="http://www.w3.org/2001/XMLSchema-instance" xsi:schemaLocation="http://www.openarchives.org/OAI/2.0/ http://www.openarchives.org/OAI/2.0/OAI-PMH.xsd"><responseDate>2026-04-17T11:38:17Z</responseDate><request verb="GetRecord" identifier="oai:www.recercat.cat:10459.1/47725" metadataPrefix="marc">https://recercat.cat/oai/request</request><GetRecord><record><header><identifier>oai:recercat.cat:10459.1/47725</identifier><datestamp>2024-12-05T23:12:02Z</datestamp><setSpec>com_2072_3622</setSpec><setSpec>col_2072_478537</setSpec></header><metadata><record xmlns="http://www.loc.gov/MARC21/slim" xmlns:dcterms="http://purl.org/dc/terms/" xmlns:xsi="http://www.w3.org/2001/XMLSchema-instance" xmlns:doc="http://www.lyncode.com/xoai" xsi:schemaLocation="http://www.loc.gov/MARC21/slim http://www.loc.gov/standards/marcxml/schema/MARC21slim.xsd">
   <leader>00925njm 22002777a 4500</leader>
   <datafield ind2=" " ind1=" " tag="042">
      <subfield code="a">dc</subfield>
   </datafield>
   <datafield ind2=" " ind1=" " tag="720">
      <subfield code="a">Solans Puyol, Marina</subfield>
      <subfield code="e">author</subfield>
   </datafield>
   <datafield ind2=" " ind1=" " tag="260">
      <subfield code="c">2015-01-22T10:23:54Z</subfield>
   </datafield>
   <datafield ind2=" " ind1=" " tag="260">
      <subfield code="c">2015-01-22T10:23:54Z</subfield>
   </datafield>
   <datafield ind2=" " ind1=" " tag="260">
      <subfield code="c">2014-05</subfield>
   </datafield>
   <datafield ind2=" " ind1=" " tag="520">
      <subfield code="a">INTRODUCCIÓN: La enfermedad arterial periférica (EAP) es una de las afecciones más prevalentes e infradiagnosticadas en los países occidentales.&#xd;
Su detección precoz es importante para poder mejorar la calidad de vida del paciente y reducir las complicaciones en las extremidades inferiores (EEII) y el riesgo de eventos cardiovasculares mayores. El mejor test no invasivo para diagnosticar la presencia de EAP es el índice tobillo-brazo (ITB).&#xd;
METAS Y OBJETIVOS: El primer objetivo de este trabajo ha sido evaluar la situación actual sobre el uso del ITB y su relación con la EAP en la atención primaria de salud (APS) del área de Lleida, mediante la elaboración y aplicación de un cuestionario. Paralelamente, como segundo objetivo se procedió a diseñar un protocolo para la detección y abordaje precoz de la EAP, adaptado a la consulta de enfermería de la EAP.&#xd;
MÉTODO: Para la recolección de datos se elaboró un cuestionario telemático y se aplicó a modo de prueba piloto en la APS de Lleida.&#xd;
RESULTADOS: Un total de 18 profesionales de enfermería contestaron a la encuesta. En relación con el ITB el 100% de la muestra lo había realizado durante el ejercicio de su profesión, consideran que enfermería tiene una elevada autonomía para su aplicación en la APS (77,78%).&#xd;
CONCLUSIONES: La consulta de enfermería de la atención primaria de salud constituye un contexto idóneo donde realizar la detección y abordaje precoz de la EAP, mediante la determinación del ITB. La aplicación del protocolo presentado en este trabajo puede contribuir a la disminución del infradiagnóstico de la EAP, mejorar la calidad de vida de los pacientes y fomentar la formación de las enfermeras.</subfield>
   </datafield>
   <datafield ind1="8" ind2=" " tag="024">
      <subfield code="a">http://hdl.handle.net/10459.1/47725</subfield>
   </datafield>
   <datafield tag="653" ind2=" " ind1=" ">
      <subfield code="a">Enfermedad arterial periférica</subfield>
   </datafield>
   <datafield tag="653" ind2=" " ind1=" ">
      <subfield code="a">Índice tobillo-brazo</subfield>
   </datafield>
   <datafield tag="653" ind2=" " ind1=" ">
      <subfield code="a">Extremidades inferiores</subfield>
   </datafield>
   <datafield tag="653" ind2=" " ind1=" ">
      <subfield code="a">Malalties vasculars perifèriques</subfield>
   </datafield>
   <datafield tag="653" ind2=" " ind1=" ">
      <subfield code="a">Artèries -- Malalties</subfield>
   </datafield>
   <datafield tag="653" ind2=" " ind1=" ">
      <subfield code="a">Cames</subfield>
   </datafield>
   <datafield ind2="0" ind1="0" tag="245">
      <subfield code="a">Protocolo para la detección y abordaje precoz de la enfermedad arterial periférica.</subfield>
   </datafield>
</record></metadata></record></GetRecord></OAI-PMH>